000 01038nam0a22002771 4500
001 rc\4004525
005 20250610225755.0
035 _a(NLR Aleph) 007944613
090 _a8300486
_c8300486
100 _a20130415d1954 |||y0rusy50 ca
101 0 _arus
102 _aRU
105 _aa z |||||
200 1 _a[Высокогорная растительность Яман-Тау - крупнейшей вершины Южного Урала]
_fАкад. наук СССР
210 _aМосква
_cБ. и.
_aЛенинград
_d1954
215 _a827-841 с.
_cил.
_d26
300 _aБотан. журн., т. 39. Отд. отт.
300 _aЭкз. РНБ (Бт02 Г-8/68): с автогр. авт.
320 _aБиблиогр.: с. 841
700 1 _4070
_7ca
_8rus
_aГорчаковский
_bП. Л.
_f1920-2008
_gПавел Леонидович
_9248285
_3RU\NLR\AUTH\770248341
801 0 _aRU
_bNLR
_gpsbo
801 1 _aRU
_bELAR
_2rusmarc
852 _aNLR
_jБт02 Г-8/68
942 _cBOOK
980 _aNB